Hipoteca revertida: una fórmula innovadora para mejorar las pensiones

Gorde:
Xehetasun bibliografikoak
Formatua: Liburua
Hizkuntza:gaztelania
Argitaratua: Santiago CIEDESS 2003
Gaiak:
Etiketak: Etiketa erantsi
Etiketarik gabe, Izan zaitez lehena erregistro honi etiketa jartzen!

MARC

LEADER 00000nam a2200000 a 4500
001 UCK4082
003 CL-VaPUC
008 050520e20030000CL |||||||||||||||||spa|d
020 |a 9567265232 
082 0 4 |a 332.63244  |b HIP  |2 21 
245 1 0 |a Hipoteca revertida: una fórmula innovadora para mejorar las pensiones 
300 |a 239 p 
942 |c BK 
945 |d 20050520 00:00:00  |a cmena 
260 |a Santiago  |b CIEDESS  |c 2003 
500 |a Incluye: 
500 |a Experiencia internacional: el caso de Estados Unidos 
500 |a posibilidades de aplicación en Chile 
500 |a Un modelo para implementar en Chile 
500 |a El sistema de Hipoteca Revertida en otros países 
650 0 |a Hipoteca  |9 255780 
650 7 |a PRESTAMO HIPOTECARIO  |2 CL-VaPUC  |9 492472 
650 0 |a Inversiones  |9 345867 
583 |a last modification  |c 20050520 00:00:00  |k Rodrigo Vera 
999 |c 313055  |d 313053 
952 |0 0  |1 0  |4 0  |6 332_632440000000000_HIP_2003  |7 0  |8 A  |9 384115  |a BIBGIM  |b BIBGIM  |d 2019-11-22  |i 4089715  |o 332.63244 HIP 2003  |p 4089715  |r 2025-01-15  |w 2019-11-22  |y BK  |k GIM